ARRUPE JESUIT UNIVERSITY

CORONAVIRUS -STOP THE SPREAD - CLEAN,DISINFECT,COVER

Perception / (Record no. 5894)

MARC details
000 -LEADER
fixed length control field 01003cam a2200289 a 4500
001 - CONTROL NUMBER
control field 13628936
005 - DATE AND TIME OF LATEST TRANSACTION
control field 20170801101441.0
008 - FIXED-LENGTH DATA ELEMENTS--GENERAL INFORMATION
fixed length control field 040618s2003 enk b 001 0 eng d
010 ## - LIBRARY OF CONGRESS CONTROL NUMBER
LC control number 2004484768
020 ## - INTERNATIONAL STANDARD BOOK NUMBER
International Standard Book Number 1902683595 (hard)
020 ## - INTERNATIONAL STANDARD BOOK NUMBER
International Standard Book Number 1902683609 (pbk.)
035 ## - SYSTEM CONTROL NUMBER
System control number (OCoLC)ocm51667692
040 ## - CATALOGING SOURCE
Original cataloging agency UKM
Transcribing agency UKM
Modifying agency CUS
-- OCLCQ
-- DLC
042 ## - AUTHENTICATION CODE
Authentication code lccopycat
050 00 - LIBRARY OF CONGRESS CALL NUMBER
Classification number B828.45
Item number .M38 2003
082 04 - DEWEY DECIMAL CLASSIFICATION NUMBER
Classification number 121.34
Edition number 21
100 1# - MAIN ENTRY--PERSONAL NAME
Personal name Maund, Barry.
9 (RLIN) 34125
245 10 - TITLE STATEMENT
Title Perception /
Statement of responsibility, etc Barry Maund.
260 ## - PUBLICATION, DISTRIBUTION, ETC. (IMPRINT)
Place of publication, distribution, etc Chesham, Bucks :
Name of publisher, distributor, etc Acumen,
Date of publication, distribution, etc 2003.
300 ## - PHYSICAL DESCRIPTION
Extent x, 227 p. ;
Dimensions 21 cm.
440 #0 - SERIES STATEMENT/ADDED ENTRY--TITLE
Title Central problems of philosophy
9 (RLIN) 14835
504 ## - BIBLIOGRAPHY, ETC. NOTE
Bibliography, etc Includes bibliographical references (p. [219]-221) and index.
650 #0 - SUBJECT ADDED ENTRY--TOPICAL TERM
Topical term or geographic name as entry element Perception (Philosophy)
9 (RLIN) 14386
906 ## - LOCAL DATA ELEMENT F, LDF (RLIN)
a 7
b cbc
c copycat
d 2
e ncip
f 20
g y-gencatlg
942 ## - ADDED ENTRY ELEMENTS (KOHA)
Source of classification or shelving scheme Library of Congress Classification
Item type Monograph ( Printed materials)
Holdings
Withdrawn status Lost status Source of classification or shelving scheme Damaged status Not for loan Collection code Home library Current library Shelving location Date acquired Total Checkouts Full call number Barcode Date last seen Date last borrowed Copy number Price effective from Koha item type
    Library of Congress Classification     Main Collection ARRUPE LIBRARY ARRUPE LIBRARY   27/02/2013 3 B828.45M38 2003 46407951 16/10/2017 03/10/2017 1 27/02/2013 Monograph ( Printed materials)

 

Arrupe Library. PO Box MP320 Mt Pleasant, Harare, Zimbabwe
263 242 745411|librarian@aju.ac.zw